000 00289nam a22001337a 4500
020 _a780752525334
082 _a823
_bBAX/B
245 _aTHE BUSY BAKER
_bSHORT STORY
260 _aBRITIAN
_bPARRAGON
_c1998
300 _a188
520 _aSHORT STORY
650 _aSHORT STORY
942 _cBK
999 _c3990
_d3990